College Football Cities: ACC - Statistics

General Stats
  • This quiz has been taken 97 times
  • The average score is 13 of 17
Answer Stats
School City % Correct
Florida State Tallahassee, FL
97%
Georgia Tech Atlanta, GA
92%
California Berkeley, CA
91%
North Carolina Chapel Hill, NC
91%
Duke Durham, NC
87%
NC State Raleigh, NC
86%
_______ Clemson, SC
82%
SMU Dallas, TX
82%
Virginia Tech Blacksburg, VA
76%
Wake Forest Winston-Salem, NC
76%
Virginia Charlottesville, VA
74%
________ Stanford, CA
74%
__________ Louisville, KY
73%
__________ Pittsburgh, PA
69%
________ Syracuse, NY
68%
Miami Coral Gables, FL
59%
Boston College Chestnut Hill, MA
53%
No matching quizzes found
Score Distribution
Percent of People with Each Score
Percentile by Number Answered
Your Score History
You have not taken this quiz